00728nam a22002177a 4500003000900000005001700009007000300026008003600029020001500065040002500080082001700105100003100122245006300153250002400216260004000240300002000280490003600300500010600336504003200442830003600474DO-SdBNP20211001152056.0ta211001b 2004 dr a 00| 0 eng d a9993473049 aDO-SdBNPbspacBNPHU 4aBNPHUbM826f aMoquete de la Rosa, Jacobo10aFilosofía de la educación /cJacobo Moquete de la Rosa a2a. ed. actualizada aSanto Domingo :bDe Colores,c2004. a53 p. :c26 cm.1 aEducación y sociedadv41x988 aIncliuye datos biográficos del autor en la contracubierta e incluye índices de nombres y materias aBibliografía : p. 341-346 0aEducación y sociedadn41p988